Basic pathology / (Record no. 10931)
[ view plain ]
| 000 -LEADER | |
|---|---|
| fixed length control field | 00809cam a2200265 i 4500 |
| 003 - CONTROL NUMBER IDENTIFIER | |
| control field | OSt |
| 005 - DATE AND TIME OF LATEST TRANSACTION | |
| control field | 20220117100140.0 |
| 008 - FIXED-LENGTH DATA ELEMENTS--GENERAL INFORMATION | |
| fixed length control field | 860818s1987 paua b 001 0 eng c |
| 020 ## - INTERNATIONAL STANDARD BOOK NUMBER | |
| International Standard Book Number | 0721618146 |
| 050 00 - LIBRARY OF CONGRESS CALL NUMBER | |
| Classification number | RB111 |
| Item number | .R538 1987 |
| 060 ## - NATIONAL LIBRARY OF MEDICINE CALL NUMBER | |
| Classification number | QZ 4 R636b |
| 040 ## - CATALOGING SOURCE | |
| Description conventions | rda |
| Transcribing agency | DLC |
| Language of cataloging | eng |
| 100 1# - MAIN ENTRY--PERSONAL NAME | |
| Personal name | Robbins, Stanley L. |
| Fuller form of name | (Stanley Leonard), |
| Dates associated with a name | 1915-2003. |
| Relator term | author. |
| 245 10 - TITLE STATEMENT | |
| Title | Basic pathology / |
| Statement of responsibility, etc. | Stanley L. Robbins, Vinay Kumar. |
| 250 ## - EDITION STATEMENT | |
| Edition statement | 4th ed. |
| 264 ## - PRODUCTION, PUBLICATION, DISTRIBUTION, MANUFACTURE, AND COPYRIGHT NOTICE | |
| Place of production, publication, distribution, manufacture | Philadelphia : |
| Name of producer, publisher, distributor, manufacturer | Saunders, |
| Date of production, publication, distribution, manufacture, or copyright notice | c1987. |
| 300 ## - PHYSICAL DESCRIPTION | |
| Extent | x, 787 pages : |
| Other physical details | sustrations ; |
| Dimensions | 28 cm. |
| 336 ## - CONTENT TYPE | |
| Content type term | text |
| Content type code | txt |
| Source | rdacontent |
| 337 ## - MEDIA TYPE | |
| Media type term | unmediated |
| Media type code | n |
| Source | rdamedia |
| 338 ## - CARRIER TYPE | |
| Carrier type term | volume |
| Carrier type code | nc |
| Source | rdacarrier |
| 504 ## - BIBLIOGRAPHY, ETC. NOTE | |
| Bibliography, etc. note | Includes bibliographies and index. |
| 650 #0 - SUBJECT ADDED ENTRY--TOPICAL TERM | |
| Topical term or geographic name entry element | Pathology. |
| 700 1# - ADDED ENTRY--PERSONAL NAME | |
| Personal name | Kumar, Vinay, |
| Dates associated with a name | 1944- |
| Relator term | author. |
| 942 ## - ADDED ENTRY ELEMENTS (KOHA) | |
| Source of classification or shelving scheme | Library of Congress Classification |
| Koha item type | Foreign Books |
| Withdrawn status | Source of classification or shelving scheme | Damaged status | Not for loan | Collection code | Home library | Current library | Shelving location | Date acquired | Source of acquisition | Total Checkouts | Full call number | Barcode | Date last seen | Copy number | Price effective from | Koha item type |
|---|---|---|---|---|---|---|---|---|---|---|---|---|---|---|---|---|
| Library of Congress Classification | Non-fiction | Taytay College Library | Taytay College Library | New Materials Shelf | 08/15/2018 | Donation | RB111 .R538 1987 | URSTAY-4205 | 06/04/2025 | 1 | 01/08/2019 | Foreign Books |